Role of ICT in english language teaching and learning : (Record no. 10719)

MARC details
000 -LEADER
fixed length control field 00585cam a2200205ua 4500
001 - CONTROL NUMBER
control field 11944
005 - DATE AND TIME OF LATEST TRANSACTION
control field 20260515114823.0
008 - FIXED-LENGTH DATA ELEMENTS--GENERAL INFORMATION
fixed length control field 191203n ii |||gr||||Z||||||eng
020 ## - INTERNATIONAL STANDARD BOOK NUMBER
International Standard Book Number 9789382647003
040 ## - CATALOGING SOURCE
Transcribing agency MAIN
082 ## - DEWEY DECIMAL CLASSIFICATION NUMBER
Classification number 428.00785
100 ## - MAIN ENTRY--PERSONAL NAME
Personal name Arvind M.Nawale,
Relator term Author.
245 ## - TITLE STATEMENT
Title Role of ICT in english language teaching and learning :
Remainder of title observations and ruminations /
Statement of responsibility, etc. By Arvind M.Nawale .
250 ## - EDITION STATEMENT
Edition statement 1st ed.
260 ## - PUBLICATION, DISTRIBUTION, ETC.
Place of publication, distribution, etc. Delhi:
Name of publisher, distributor, etc. Access,
Date of publication, distribution, etc. 2013.
300 ## - PHYSICAL DESCRIPTION
Extent 335p.
653 ## - INDEX TERM--UNCONTROLLED
Uncontrolled term Standard English usage
700 ## - ADDED ENTRY--PERSONAL NAME
Personal name Prashant Mothe,
Relator term Author.
942 ## - ADDED ENTRY ELEMENTS (KOHA)
Koha item type Books
Holdings
Withdrawn status Lost status Damaged status Not for loan Home library Current library Shelving location Date acquired Total checkouts Full call number Barcode Date last seen Copy number Price effective from Koha item type
        Naharkatiya College Library Naharkatiya College Library General stacks 09/19/2020   428.00785English langguage | NAW 24626 09/19/2020 1 09/19/2020 Books